The curious life of Cecilia Payne : discovering ... Read More
Available copies
- 2 of 2 copies available at LARL/NWRL Consortium.
- 2 of 2 copies available at Lake Agassiz Regional Library. (Show preferred library)
Current holds
0 current holds with 2 total copies.
Show All Copies
| Location | Call Number / Copy Notes | Barcode | Shelving Location | Status | Due Date |
|---|---|---|---|---|---|
| Crookston Public Library | J 921 PAY (Text) | 33500014344840 | New | Available | - |
| Moorhead Public Library | J 921 PAY (Text) | 33500014344857 | New | Available | - |
Record details
- ISBN: 9780802855152
- ISBN: 0802855156
- Physical Description: 1 volume (unpaged) : color illustrations ; 23 cm
- Publisher: Grand Rapids, Michigan : Eerdmans Books for Young Readers, 2025.
- Copyright: ©2025.
Content descriptions
| Bibliography, etc. Note: | Includes bibliographical references. |
| Summary, etc.: | "In this picture book biography, astronomer ... Read More |
| Target Audience Note: | Ages 7-12 Eerdmans Books for Young Readers. |
Search for related items by subject
| Genre: | Biographies. Picture books. |
| LDR | 02337cam a22005298i 4500 | ||
|---|---|---|---|
| 001 | 478463 | ||
| 003 | LARL_NWRL_CONSORTIUM | ||
| 005 | 20260312171146.0 | ||
| 008 | 250226t20252025miua j b 000 0beng | ||
| 010 | . | ‡a 2025003198 | |
| 040 | . | ‡aPSt/DLC ‡beng ‡erda ‡cDLC ‡dIG# ‡dOCLCO ‡dOQX ‡dLNC ‡dCWJ ‡dJAS ‡dOCLCO | |
| 020 | . | ‡a9780802855152 ‡q(hardcover) | |
| 020 | . | ‡a0802855156 ‡q(hardcover) | |
| 035 | . | ‡a(OCoLC)1510366068 | |
| 042 | . | ‡apcc | |
| 082 | 0 | 0. | ‡a520.92 ‡aB ‡223/eng/20250319 |
| 100 | 1 | . | ‡aAlary, Laura, ‡eauthor. ‡1https://id.oclc.org/worldcat/entity/E39PCjBT3Y7PVKM8k87YBG7tBq |
| 245 | 1 | 4. | ‡aThe curious life of Cecilia Payne : ‡bdiscovering the stuff of stars / ‡cwritten by Laura Alary ; illustrated by Yas Imamura. |
| 246 | 3 | 0. | ‡aCecilia Payne |
| 264 | 1. | ‡aGrand Rapids, Michigan : ‡bEerdmans Books for Young Readers, ‡c2025. | |
| 264 | 4. | ‡c©2025. | |
| 300 | . | ‡a1 volume (unpaged) : ‡bcolor illustrations ; ‡c23 cm | |
| 336 | . | ‡atext ‡btxt ‡2rdacontent | |
| 337 | . | ‡aunmediated ‡bn ‡2rdamedia | |
| 338 | . | ‡avolume ‡bnc ‡2rdacarrier | |
| 504 | . | ‡aIncludes bibliographical references. | |
| 520 | . | ‡a"In this picture book biography, astronomer Cecilia Payne finds community with the Harvard Computers (a group of female astronomers) and confidence in what she sees--even if others say it's impossible"-- ‡cProvided by publisher. | |
| 521 | . | ‡aAges 7-12 ‡bEerdmans Books for Young Readers. | |
| 600 | 1 | 0. | ‡aPayne-Gaposchkin, Cecilia, ‡d1900-1979 ‡vJuvenile literature. |
| 650 | 0. | ‡aWomen astronomers ‡vBiography ‡vJuvenile literature. | |
| 650 | 0. | ‡aAstronomers ‡vBiography ‡vJuvenile literature. | |
| 650 | 0. | ‡aStars ‡vJuvenile literature. ‡0(LARL_NWRL_CONSORTIUM)167548 | |
| 600 | 1 | 1. | ‡aPayne-Gaposchkin, Cecilia, ‡d1900-1979. |
| 650 | 1. | ‡aWomen ‡vBiography. ‡0(LARL_NWRL_CONSORTIUM)34555 | |
| 650 | 1. | ‡aAstronomers. ‡0(LARL_NWRL_CONSORTIUM)14188 | |
| 650 | 1. | ‡aStars. ‡0(LARL_NWRL_CONSORTIUM)31836 | |
| 655 | 7. | ‡aBiographies. ‡2lcgft | |
| 655 | 7. | ‡aPicture books. ‡2lcgft | |
| 700 | 1 | . | ‡aImamura, Yas, ‡eillustrator. ‡1https://id.oclc.org/worldcat/entity/E39PCjwYgvdDwp6QmX6cP64PBd |
| 901 | . | ‡a478463 ‡bOCoLC ‡c478463 ‡tbiblio ‡soclc | |

Add to basket
Permalink
Disable Highlighting